| 000 | 01874cam a22004454i 4500 | ||
|---|---|---|---|
| 003 | PE-LiUPU | ||
| 005 | 20250731172826.0 | ||
| 008 | 150617s r 000 0 d | ||
| 035 | _a(Sirsi) a15119 | ||
| 040 |
_aPE-LiUPU _bspa _cPE-LiUPU _erda |
||
| 049 | _aPRUA | ||
| 082 | 0 | 4 |
_a272.1 _bW85 _221 |
| 100 | 1 |
_aNewman, Hebert B., _eautor. |
|
| 245 | 1 | 0 |
_aPersecution in the early church : _ba chapter in the history of renunciation / _cHebert B. Newman. |
| 264 | 1 |
_aCincinnati : _bJennings & Graham, _c1906. |
|
| 300 |
_a382 páginas ; _c19 cm |
||
| 336 |
_atext _2rdacontent |
||
| 337 |
_aunmediated _2rdamedia |
||
| 338 |
_avolume _2rdacarrier |
||
| 505 | 0 | _aThe master and his disciples. -Caesar or Christ. -The causes of hatred. -The Great persecutions. -The experiences of the persecuted. -The alleged Martyrdom of St. Jhon. -The Martyrdom of St. Peter. -The persecution of Nero. -The laws under which Christians were condemned. -The population of the empire; the proportion of Christians; and the number of Martyrs. -The apologies of Aristides and quadratus. -The punishment of women. -The Fathers and the empire. | |
| 526 | _aSEG42 | ||
| 526 | _aSEG41 | ||
| 526 | _aSEG40 | ||
| 526 | _aSEG39 | ||
| 526 | _aP94 | ||
| 526 | _aP87 | ||
| 526 | _aP86 | ||
| 526 | _aP85 | ||
| 526 | _aP77 | ||
| 526 | _aP76 | ||
| 526 | _aP35 | ||
| 650 | 0 | 4 |
_aPersecuciones religiosas _xIglesia primitiva. |
| 910 |
_ajck _bjvq _cjck _d20150616 |
||
| 942 |
_2ddc _cBOOK |
||
| 949 |
_a272.1 W85 _wDEWEY _c1 _i22314 _lCCODEBUL1 _mBUL _p00.00 _r0 _sY _tBOOK _u19840307 _xTEOLOGIA _PP35 _0COMPRA _o.STAFF. Colección General |
||
| 994 |
_aC0 _bPEPRU |
||
| 596 | _a1 | ||
| 999 |
_a272.1 W85 _wDEWEY _c5672 _i22314 _d5672 _f2021-11-12 _g5 _lCCODEBUL1 _mBUL _q1 _r0 _sY _tBOOK _u2015-6-17 _xTEOLOGIA _PP35 _0COMPRA _o.STAFF. Colección General |
||
| 980 |
_81 _gALBERTO SANCHEZ Responsable de Automatización |
||